Mūhūrtakalpadrumaḥ /

Verse treatise on Hindu astrology.

Saved in:
Bibliographic Details
Main Author: Viṭṭhaladīkṣita, active 17th century.
Other Authors: Miśra, Sureśacandra.
Format: Book
Language:Sanskrit
Hindi
Published: Naī Dillī : Rañjana Pablikeśansa, 2005.
Edition:1. saṃskaraṇa.
Subjects:
Tags: Add Tag
No Tags, Be the first to tag this record!
LEADER 01269aam a2200349 a 4500
001 010171237-5
005 20061208135504.0
008 050720s2005 ii 000 0 sano
010 |a  2005323472 
020 |a 8188230529 
025 |a I-San-2005-323472; 02 
035 0 |a ocm62090026 
037 |b Library of Congress -- New Delhi Overseas Office  |c Rs150.00 
040 |a DLC  |c DLC 
041 0 |a san  |a hin 
042 |a lcode 
050 0 0 |a BF1714.H5  |b V568 2005 
050 0 0 |a BF1714.H5+ 
100 0 |a Viṭṭhaladīkṣita,  |d active 17th century. 
245 1 0 |a Mūhūrtakalpadrumaḥ /  |c Viṭṭhaladīkṣitavicari[raci]taḥ ; sampādana va vyākhyā, Sureśacandra Miśra. 
250 |a 1. saṃskaraṇa. 
260 |a Naī Dillī :  |b Rañjana Pablikeśansa,  |c 2005. 
300 |a 223 p. ;  |c cm. 
546 |a In Sanskrit; includes interpretation in Hindi . 
520 |a Verse treatise on Hindu astrology. 
650 0 |a Hindu astrology  |v Early works to 1800. 
655 7 |a Early works.  |2 fast 
700 1 |a Miśra, Sureśacandra. 
776 0 8 |i Online version:  |a Viṭṭhaladīkṣita, 17th cent.  |t Mūhūrtakalpadrumaḥ.  |b 1. saṃskaraṇa.  |d Naī Dillī : Rañjana Pablikeśansa, 2005  |w (OCoLC)760159707 
988 |a 20061208 
049 |a HLSS 
906 |0 DLC